MyGZULibrary

Slow travel and tourism / (Record no. 962)

MARC details
000 -LEADER
fixed length control field 01611cam a2200397 a 4500
001 - CONTROL NUMBER
control field 16071255
003 - CONTROL NUMBER IDENTIFIER
control field GZU
005 - DATE AND TIME OF LATEST TRANSACTION
control field 20200917100601.0
008 - FIXED-LENGTH DATA ELEMENTS--GENERAL INFORMATION
fixed length control field 100127s2010 enka b 001 0 eng
010 ## - LIBRARY OF CONGRESS CONTROL NUMBER
LC control number 2010003762
015 ## - NATIONAL BIBLIOGRAPHY NUMBER
National bibliography number GBB053478
Source bnb
016 7# - NATIONAL BIBLIOGRAPHIC AGENCY CONTROL NUMBER
Record control number 015536026
Source Uk
020 ## - INTERNATIONAL STANDARD BOOK NUMBER
International Standard Book Number 9781849711128 (hardback)
020 ## - INTERNATIONAL STANDARD BOOK NUMBER
International Standard Book Number 1849711127 (hardback)
020 ## - INTERNATIONAL STANDARD BOOK NUMBER
International Standard Book Number 9781849711135 (pbk.)
020 ## - INTERNATIONAL STANDARD BOOK NUMBER
International Standard Book Number 1849711135 (pbk.)
035 ## - SYSTEM CONTROL NUMBER
System control number (OCoLC)ocn502676430
040 ## - CATALOGING SOURCE
Original cataloging agency DLC
Transcribing agency DLC
Modifying agency YDXCP
-- BWK
-- C#P
-- UKM
-- BWX
-- CDX
-- DLC
050 00 - LIBRARY OF CONGRESS CALL NUMBER
Classification number G156.5.E26
Item number D54 2010
082 00 - DEWEY DECIMAL CLASSIFICATION NUMBER
Classification number 338.4/791
Edition number 22
100 1# - MAIN ENTRY--PERSONAL NAME
Personal name Dickinson, Janet
Fuller form of name (Janet E.)
245 10 - TITLE STATEMENT
Title Slow travel and tourism /
Statement of responsibility, etc. Janet Dickinson and Les Lumsdon.
260 ## - PUBLICATION, DISTRIBUTION, ETC.
Place of publication, distribution, etc. London ;
-- Washington, DC :
Name of publisher, distributor, etc. Earthscan,
Date of publication, distribution, etc. 2010.
300 ## - PHYSICAL DESCRIPTION
Extent 232 p. :
Other physical details ill. ;
Dimensions 24 cm.
490 0# - SERIES STATEMENT
Series statement Tourism, environment and development series
504 ## - BIBLIOGRAPHY, ETC. NOTE
Bibliography, etc. note Includes bibliographical references and index.
505 0# - FORMATTED CONTENTS NOTE
Formatted contents note The emergence of slow travel -- The impacts of transport for tourism -- Tourism, transport and environment: theoretical perspectives -- Slow travel--the ingredients -- Train tourism -- Walking and tourism -- Cycling and tourism -- Bus and coach tourism -- Water-based travel -- The future of slow travel.
650 #0 - SUBJECT ADDED ENTRY--TOPICAL TERM
Topical term or geographic name entry element Sustainable tourism.
650 #0 - SUBJECT ADDED ENTRY--TOPICAL TERM
Topical term or geographic name entry element Tourism
General subdivision Environmental aspects.
650 #0 - SUBJECT ADDED ENTRY--TOPICAL TERM
Topical term or geographic name entry element Bus travel.
650 #0 - SUBJECT ADDED ENTRY--TOPICAL TERM
Topical term or geographic name entry element Railroad travel.
700 1# - ADDED ENTRY--PERSONAL NAME
Personal name Lumsdon, Les.
906 ## - LOCAL DATA ELEMENT F, LDF (RLIN)
a 7
b cbc
c orignew
d 1
e ecip
f 20
g y-gencatlg
942 ## - ADDED ENTRY ELEMENTS (KOHA)
Source of classification or shelving scheme Library of Congress Classification
Koha item type Books
Classification part 156.5E26
Item part DIC
Call number prefix G
Holdings
Withdrawn status Lost status Source of classification or shelving scheme Damaged status Not for loan Collection code Home library Current library Shelving location Date acquired Total Checkouts Full call number Barcode Date last seen Copy number Price effective from Koha item type
    Library of Congress Classification     Non-fiction Tourism and Hospitality Resource Centre Tourism and Hospitality Resource Centre General Stacks 04/28/2015   G 156.5E26 DIC 2010 004345 09/17/2020 C-1 09/17/2020 Books